Loading...

Political philosophy /

Bibliographic Details
Main Author: Viswanath Prasad Varma
Format: Printed Book
Published: Patna : 1970.
LEADER 00392nam a22001097a 4500
082 |a 320.01  |b VIS.P 
100 |a Viswanath Prasad Varma  
245 |a Political philosophy /  |c by Viswanath Prasad Varma  
260 |a Patna :  |c 1970. 
942 |c BK 
999 |c 302664  |d 302664 
952 |0 0  |1 0  |4 0  |6 320_010000000000000_VIS_P  |7 0  |8 REF  |9 323156  |a POL  |b POL  |c REF  |d 2020-10-09  |l 0  |o 320.01 VIS.P  |p POL9726  |r 2020-10-09  |w 2020-10-09  |y BK